<?xml version="1.0" encoding="UTF-8"?>
<record
    xmlns:xsi="http://www.w3.org/2001/XMLSchema-instance"
    xsi:schemaLocation="http://www.loc.gov/MARC21/slim http://www.loc.gov/standards/marcxml/schema/MARC21slim.xsd"
    xmlns="http://www.loc.gov/MARC21/slim">

  <leader>01086na  a2200253   4500</leader>
  <controlfield tag="001">24333</controlfield>
  <controlfield tag="003">MIRAKIL</controlfield>
  <controlfield tag="005">20181213155334.0</controlfield>
  <controlfield tag="008">180917b        tu            000 0      </controlfield>
  <datafield tag="035" ind1=" " ind2=" ">
    <subfield code="a">17308</subfield>
  </datafield>
  <datafield tag="040" ind1=" " ind2=" ">
    <subfield code="a">Milas</subfield>
    <subfield code="b">tur</subfield>
    <subfield code="c">TR-AnCHP</subfield>
  </datafield>
  <datafield tag="041" ind1=" " ind2=" ">
    <subfield code="a">tur</subfield>
  </datafield>
  <datafield tag="082" ind1=" " ind2=" ">
    <subfield code="a">342.02</subfield>
    <subfield code="b">T96t 2010</subfield>
  </datafield>
  <datafield tag="090" ind1=" " ind2=" ">
    <subfield code="a">342.02 T96t 2010</subfield>
  </datafield>
  <datafield tag="110" ind1=" " ind2=" ">
    <subfield code="a">T&#xDC;H&#x130;S (T&#xFC;rk A&#x11F;&#x131;r Sanayii ve Hizmet Sekt&#xF6;r&#xFC; Kamu &#x130;&#x15F;verenleri Sendikas&#x131;)</subfield>
  </datafield>
  <datafield tag="245" ind1=" " ind2=" ">
    <subfield code="a">T&#xFC;rkiye Cumhuriyeti Anayasas&#x131;</subfield>
    <subfield code="b">12/09/2010 tarihine kadarki b&#xFC;t&#xFC;n de&#x11F;i&#x15F;iklikleriyle</subfield>
    <subfield code="c">T&#xDC;H&#x130;S (T&#xFC;rk A&#x11F;&#x131;r Sanayii ve Hizmet Sekt&#xF6;r&#xFC; Kamu &#x130;&#x15F;verenleri Sendikas&#x131;)</subfield>
  </datafield>
  <datafield tag="260" ind1=" " ind2=" ">
    <subfield code="a">Ankara</subfield>
    <subfield code="b">T&#xDC;H&#x130;S (T&#xFC;rk A&#x11F;&#x131;r Sanayii ve Hizmet Sekt&#xF6;r&#xFC; Kamu &#x130;&#x15F;verenleri Sendikas&#x131;)</subfield>
    <subfield code="c">2010</subfield>
    <subfield code="f">Hermes Ofset</subfield>
  </datafield>
  <datafield tag="300" ind1=" " ind2=" ">
    <subfield code="a">178 s.</subfield>
    <subfield code="c">16 sm.</subfield>
  </datafield>
  <datafield tag="440" ind1=" " ind2=" ">
    <subfield code="a">T&#xDC;H&#x130;S (T&#xFC;rk A&#x11F;&#x131;r Sanayii ve Hizmet Sekt&#xF6;r&#xFC; Kamu &#x130;&#x15F;verenleri Sendikas&#x131;)</subfield>
    <subfield code="v">yay&#x131;n no. 69</subfield>
  </datafield>
  <datafield tag="650" ind1=" " ind2=" ">
    <subfield code="a">Anayasa hukuku</subfield>
    <subfield code="x">Kanunlar</subfield>
    <subfield code="z">T&#xFC;rkiye</subfield>
  </datafield>
  <datafield tag="651" ind1=" " ind2=" ">
    <subfield code="a">T&#xFC;rkiye</subfield>
    <subfield code="x">Anayasa, 1982</subfield>
  </datafield>
  <datafield tag="710" ind1=" " ind2=" ">
    <subfield code="a">T&#xDC;H&#x130;S (T&#xFC;rk A&#x11F;&#x131;r Sanayii ve Hizmet Sekt&#xF6;r&#xFC; Kamu &#x130;&#x15F;verenleri Sendikas&#x131;)</subfield>
  </datafield>
  <datafield tag="942" ind1=" " ind2=" ">
    <subfield code="2">ddc</subfield>
    <subfield code="c">BKS</subfield>
  </datafield>
  <datafield tag="952" ind1=" " ind2=" ">
    <subfield code="a">0001</subfield>
    <subfield code="b">0001</subfield>
    <subfield code="d">2018-09-17</subfield>
    <subfield code="e">2</subfield>
    <subfield code="l">0</subfield>
    <subfield code="o">342.02 T96t 2010</subfield>
    <subfield code="p">007094</subfield>
    <subfield code="r">2018-09-17 00:00:00</subfield>
    <subfield code="v">0.00</subfield>
    <subfield code="w">2018-09-17</subfield>
    <subfield code="y">BKS</subfield>
  </datafield>
  <datafield tag="999" ind1=" " ind2=" ">
    <subfield code="c">10818</subfield>
    <subfield code="d">10818</subfield>
  </datafield>
</record>
